| 000 | 01000cam a2200277 a 4500 | ||
|---|---|---|---|
| 003 | EG-GiCUC | ||
| 005 | 20250223032222.0 | ||
| 008 | 190306s1997 ua h f m 000 0 eng d | ||
| 040 |
_aEG-GiCUC _beng _cEG-GiCUC |
||
| 041 | 0 | _aeng | |
| 049 | _aDeposite | ||
| 097 | _aM.Sc | ||
| 099 | _aCai01.11.01.M.Sc.1997.Sh.B | ||
| 100 | 0 | _aSherif Gamal Zahran | |
| 245 | 1 | 0 |
_aBlood activation and cardiopulmonary bypass / _cSherif Gamal Zahran ; Supervied Fawzia Abuelfotouh , Ehsan Abuelfotouh |
| 246 | 1 | 5 | _aتنشيط الدم المصاحب للتحويلة القلب رئوية |
| 260 |
_aCairo : _bSherif Gamal Zahran , _c1997 |
||
| 300 |
_a107 P. : _bcharts ; _c25cm |
||
| 502 | _aThesis (M.Sc.) - Cairo University - Faculty of Medicine - Department of Anaesthesia | ||
| 700 | 0 |
_aEhsan Abuelfotouh , _eSupervisor |
|
| 700 | 0 |
_aFawzia Abuelfotouh , _eSupervisor |
|
| 856 | _uhttp://172.23.153.220/th.pdf | ||
| 905 |
_aNazla _eRevisor |
||
| 905 |
_aRania _eCataloger |
||
| 942 |
_2ddc _cTH |
||
| 999 |
_c70685 _d70685 |
||